L'agon capitolinus: storia e protagonisti dall'istituzione domizianea al IV Secolo

Saved in:
Bibliografiske detaljer
Hovedforfatter: Caldelli, Maria Letizia (Author)
Format: Bog
Sprog:italiensk
Udgivet: Roma Don Bosco 1993
Udgivelse:1a. ed
Serier:Studi Publicati dall'Istituto Italiano per la Storia Antica, 54
Fag:
Tags: Tilføj Tag
Ingen Tags, Vær først til at tagge denne postø!

MARC

LEADER 00000cam a2200000 a 4500
001 UCD9267
003 CL-VaPUC
008 170609e19930000it |||||||||||||||||ita|d
082 0 4 |a 937.06  |b CAL  |2 21 
100 0 |a Caldelli, Maria Letizia  |e author  |9 592972 
245 1 0 |a L'agon capitolinus: storia e protagonisti dall'istituzione domizianea al IV Secolo 
250 |a 1a. ed 
300 |a 205 p 
942 |c BK 
945 |d 20170609 16:51:00  |a arojas 
260 |a Roma  |b Don Bosco  |c 1993 
650 0 |a Historia de Roma   |9 315349 
650 0 |a Imperio Romano  |9 322785 
650 0 |a Emperadores romanos  |9 314054 
650 7 |a JUEGOS ROMANOS  |2 CL-VaPUC  |9 592973 
583 |a last modification  |c 20170609 16:51:00  |k Rodrigo Vera 
490 0 |a Studi Publicati dall'Istituto Italiano per la Storia Antica, 54 
999 |c 368507  |d 368505 
952 |0 0  |1 0  |3 erb  |4 0  |6 937_060000000000000_CAL_1993  |7 0  |8 ?  |9 483856  |a FDOLAF  |b FDOLAF  |e Laffi, Umberto, 1939-  |i 5396247  |o 937.06 CAL 1993  |p 5396247  |r 2024-01-30  |w 2019-11-24  |y BK  |z Catalogado en:20170609  |k LAF